| 000 | 00643nam a2200217Ia 4500 | ||
|---|---|---|---|
| 008 | 160517s9999 xx 000 0 und d | ||
| 020 | _a81-7141-805-8 | ||
| 050 | _aComSc HD 30.2 | ||
| 050 | _b.H37 2004 | ||
| 100 | _aHarshitha, Digumarti. | ||
| 245 | _aMethods of teaching information technology / | ||
| 245 | _cDigumarati Harshitha, Digumarti Bhaskara Rao. | ||
| 260 | _aNew Delhi : | ||
| 260 | _bDiscovery pub. House., | ||
| 260 | _c2004 | ||
| 300 | _a369 pages : | ||
| 300 | _bill. ; | ||
| 300 | _c22 cm. | ||
| 500 | _aIncludes bibliographical references. | ||
| 650 | _aInformation technology -- Study and teaching (Higher). | ||
| 999 |
_c294152 _d294152 |
||